Islam in Ethiopia. (Record no. 22396)
[ view plain ]
| 000 -LEADER | |
|---|---|
| fixed length control field | 00787cam a2200229 4500 |
| 001 - CONTROL NUMBER | |
| control field | 3080543 |
| 005 - DATE AND TIME OF LATEST TRANSACTION | |
| control field | 20030429142358.0 |
| 008 - FIXED-LENGTH DATA ELEMENTS--GENERAL INFORMATION | |
| fixed length control field | 771208s1952 enkab 000 0 eng |
| 010 ## - LIBRARY OF CONGRESS CONTROL NUMBER | |
| LC control number | 52003568 |
| 015 ## - NATIONAL BIBLIOGRAPHY NUMBER | |
| National bibliography number | GB52-7208 |
| 035 ## - SYSTEM CONTROL NUMBER | |
| System control number | (OCoLC)ocm03472650 |
| 040 ## - CATALOGING SOURCE | |
| Original cataloging agency | DLC |
| Transcribing agency | EXC |
| Modifying agency | EXC |
| -- | OCL |
| -- | UKM |
| -- | ZCU |
| 050 0# - LIBRARY OF CONGRESS CALL NUMBER | |
| Classification number | BP65 |
| Item number | .T75 1952 |
| 100 1# - MAIN ENTRY--PERSONAL NAME | |
| Personal name | Trimingham, J. Spencer |
| Fuller form of name | (John Spencer), |
| Dates associated with a name | 1904- |
| 245 10 - TITLE STATEMENT | |
| Title | Islam in Ethiopia. |
| 260 ## - PUBLICATION, DISTRIBUTION, ETC. (IMPRINT) | |
| Place of publication, distribution, etc | London, |
| -- | New York, |
| Name of publisher, distributor, etc | Oxford University Press, |
| Date of publication, distribution, etc | 1952. |
| 300 ## - PHYSICAL DESCRIPTION | |
| Extent | xv, 299 p. |
| Other physical details | maps (part fold. col.) |
| Dimensions | 22 cm. |
| 650 #0 - SUBJECT ADDED ENTRY--TOPICAL TERM | |
| Topical term or geographic name as entry element | Muslims |
| Geographic subdivision | Ethiopia. |
| 942 ## - ADDED ENTRY ELEMENTS (KOHA) | |
| Source of classification or shelving scheme | Library of Congress Classification |
| Item type | Book |
| Withdrawn status | Lost status | Source of classification or shelving scheme | Damaged status | Not for loan | Collection code | Home library | Current library | Shelving location | Date acquired | Total Checkouts | Full call number | Barcode | Date last borrowed | Price effective from | Koha item type |
|---|---|---|---|---|---|---|---|---|---|---|---|---|---|---|---|
| Library of Congress Classification | Non-fiction | Bishop Okullu Memorial Library (Limuru Campus) | Bishop Okullu Memorial Library (Limuru Campus) | General Circulation | 01/12/2009 | 5 | BP65 .T75 1952 | 013796 | 05/02/2019 | 01/12/2009 | Book |